00853nam a2200205 a 450000100100000000500170001000800410002702000150006804000250008308200150010810000270012324500720015026000320022230000380025450400410029259000760033370000350040995201860044499900170063000003541020200930074324.0111031s1983 sp ac 000 0 spa d a8433575503 aDO-SdBNPbspacBNPHU axxxxbxxxx1 aDenvir, Bernard96123913aEl impresionismo /cBernard Denvir ; traducción Marcelo Covián. aBarcelona, :bLabor,c1983. a64-62 p. :bil., retrs. ;c18 cm. aIncluye referencias bibliográficas aPerteneció a la biblioteca personal de Juan Isidro Jimenes Grullón.1 aCovián, Marcelo,etr.932353 001050718MOaGRbGRcHDd2011-10-31iLF1l0oxxxx xxxxp35410-10r2020-06-25w2020-06-25y1zPerteneció a la biblioteca personal de Juan Isidro Jimenes Grullón.ZNo se presta c34901d34901